000
00332nam a22001457a 4500
008
230329b ||||| |||| 00| 0 eng d
020
_a
9780321202536
041
_a
eng
080
_2
TENTH EDITION
_a
37
082
_a
37LES
100
_a
22
101
_a
EDUKIM
245
_a
WRITING RESEARCH PAPERS
_c
LESTER.D.J
942
_2
udc
_c
BK
999
_c
59476
_d
59476